LDR 00731naa#a2200181#i#450# 001 EN\\bibl\20296 005 20260701183934.3 100 ## _a20260630b2026####ek#y0engy0150####ca 102 ## _aRU 200 1# _aPROSPECTS FOR THE DEVELOPMENT OF AN INFORMATION SYSTEM FOR THE COLLECTIVE EXCHANGE OF EDUCATIONAL MATERIALS AMONG STUDENTS _eConference article/thesis 210 1# _aVoronezh _cFSBE Institution of Higher Education Voronezh State University of Forestry and Technologies named after G.F. Morozov _d2026 215 ## _a3 с. 608 ## _aConference article/thesis _2local 675 ## _aПрограммные средства. 004.4 _z 700 #1 _aChistyakov _gYa. R. 700 #1 _aAvilova _gO. A. 700 #1 _aNetesova _gS. V. 856 4# _abibl.vgltu.ru _u